Mediterranean Country Coastlines Quiz Stats

 Plays Quiz Updated Dec 26, 2018

Support Sporcle.
Go Orange.
Score 0/23 Timer 05:00
4 Plays Today
Rank Country % Correct
2ndItaly
97.3%
1stGreece
96.8%
5thSpain
67.8%
4thTurkey
65.7%
7thFrance
59.6%
3rdCroatia
59.2%
6thLibya
58.4%
9thEgypt
53.1%
10thAlgeria
50.3%
8thTunisia
49.1%
11thCyprus
44.2%
12thMorocco
41.4%
Rank Country % Correct
23rdMonaco
41.1%
13thAlbania
37.7%
15thIsrael
37.1%
16thMalta
35.1%
17thLebanon
31.4%
14thMontenegro
29.1%
18thSyria
27.7%
20thSlovenia
26.5%
22ndBosnia and Herzegovina
25.3%
21stPalestine (Gaza Strip)
24.6%
19thUnited Kingdom (Gibraltar; Akrotiri & Dhekelia)
15.3%

You're not logged in!

Compare scores with friends on all Sporcle quizzes.
OR
Log In
Forgot?

From the Vault

Click the 'G' Flags

by mg10

You can't spell flag without a 'G'. But we're ignoring the other three letters for the time being.
Remove Ads.
Support Sporcle.
Get the best of Sporcle when you Go Orange. This ad-free experience offers more features, more stats, and more fun while also helping to support Sporcle. Thank you for becoming a member.

Show Comments

Extras

Top Quizzes Today


Score Distribution

Your Account Isn't Verified!

In order to create a playlist on Sporcle, you need to verify the email address you used during registration. Go to your Sporcle Settings to finish the process.

Report this User

Report this user for behavior that violates our Community Guidelines.

Details: